000 00632nam a2200241Ia 4500
003 OSt
005 20220923212112.0
006 a|||||r|||| 00| 0
007 ta
008 220922b |||||||| |||| 00| 0 hin d
024 _a150,722
037 _cTextual
040 _aARTS
_cARTS
_bhin
041 _2hin
_ahin
082 _aL:5, 152L0
100 _aचतुरसेन
_9156280
245 0 _aस्वास्थय-रक्षा
246 _aSvāsthaya-rakṣhā
250 _aसंस्क 6
260 _c1970
942 _hL:5, 152L0
_cTEXL
_2CC
999 _c306402
_d306402